Cuentos cortos: de los sesenta
Tallennettuna:
| Päätekijä: | |
|---|---|
| Aineistotyyppi: | Kirja |
| Kieli: | espanja |
| Julkaistu: |
Valparaíso
Ediciones Universitarias de Valparaíso
2010
|
| Aiheet: | |
| Tagit: |
Lisää tagi
Ei tageja, Lisää ensimmäinen tagi!
|
MARC
| LEADER | 00000cam a2200000 a 4500 | ||
|---|---|---|---|
| 001 | UCG4938 | ||
| 003 | CL-VaPUC | ||
| 008 | 101216e20100000CL |||||||||||||||||spa|d | ||
| 020 | |a 9789561704664 | ||
| 082 | 0 | 4 | |a Ch863 |b ESC |2 21 |
| 100 | 0 | |a Escobar Fernández, Dionisio |e author |9 554436 | |
| 245 | 1 | 0 | |a Cuentos cortos: de los sesenta |
| 300 | |a 136 p | ||
| 942 | |c BK | ||
| 945 | |d 20101216 00:00:00 |a dcastane | ||
| 260 | |a Valparaíso |b Ediciones Universitarias de Valparaíso |c 2010 | ||
| 650 | 0 | |a Literatura chilena |9 308278 | |
| 650 | 0 | |a Cuentos chilenos |9 308280 | |
| 650 | 0 | |a Narrativa hispanoamericana |9 552155 | |
| 583 | |a last modification |c 20190312 10:21:06 |k Rodrigo Vera | ||
| 999 | |c 343537 |d 343535 | ||
| 952 | |0 0 |1 0 |4 0 |6 CH_863_000000000000000_ESC_2010 |7 0 |8 A |9 440880 |a BIBARQ |b BIBARQ |d 2019-11-22 |i 4742796 |o Ch863 ESC 2010 |p 4742796 |r 2025-01-20 |w 2019-11-22 |y BK |k ARQ | ||
| 952 | |0 0 |1 0 |4 0 |6 CH_863_000000000000000_ESC_2010 |7 0 |8 A |9 440881 |a BIBARQ |b BIBARQ |d 2019-11-22 |i 474280K |o Ch863 ESC 2010 |p 474280K |r 2025-01-20 |w 2019-11-22 |y BK |k ARQ | ||
| 952 | |0 0 |1 0 |4 0 |6 CH_863_000000000000000_ESC_2010 |7 0 |8 A |9 440882 |a BIBARQ |b BIBARQ |d 2019-11-22 |i 4742818 |o Ch863 ESC 2010 |p 4742818 |r 2025-01-20 |w 2019-11-22 |y BK |k ARQ | ||
| 952 | |0 0 |1 0 |4 0 |6 CH_863_000000000000000_ESC_2010 |7 0 |8 A |9 440883 |a BIBART |b BIBART |d 2019-11-22 |i 4742745 |o Ch863 ESC 2010 |p 4742745 |r 2025-03-13 |w 2019-11-22 |y BK |k ART | ||
| 952 | |0 0 |1 0 |4 0 |6 CH_863_000000000000000_ESC_2010 |7 0 |8 A |9 440884 |a BIBART |b BIBART |d 2019-11-22 |i 4742753 |o Ch863 ESC 2010 |p 4742753 |r 2025-03-13 |w 2019-11-22 |y BK |k ART | ||
| 952 | |0 0 |1 0 |4 0 |6 CH_863_000000000000000_ESC_2010 |7 0 |8 A |9 440885 |a BIBART |b BIBART |d 2019-11-22 |i 4742761 |o Ch863 ESC 2010 |p 4742761 |r 2025-03-13 |w 2019-11-22 |y BK |k ART | ||
| 952 | |0 0 |1 0 |4 0 |6 CH_863_000000000000000_ESC_2010 |7 0 |8 A |9 440886 |a BIBART |b BIBART |d 2019-11-22 |i 474277K |o Ch863 ESC 2010 |p 474277K |r 2025-03-13 |w 2019-11-22 |y BK |k ART | ||
| 952 | |0 0 |1 0 |4 0 |6 CH_863_000000000000000_ESC_2010 |7 0 |8 A |9 440887 |a BIBART |b BIBART |d 2019-11-22 |i 4742788 |o Ch863 ESC 2010 |p 4742788 |r 2025-03-13 |w 2019-11-22 |y BK |k ART | ||
| 952 | |0 0 |1 0 |4 0 |6 CH_863_000000000000000_ESC_2010 |7 0 |8 X |9 440888 |a FDOBUD |b FDOBUD |d 2019-11-22 |i 4742850 |o Ch863 ESC 2010 |p 4742850 |r 2019-11-22 |w 2019-11-22 |y BK_X |k BUD | ||
| 952 | |0 0 |1 0 |4 0 |6 CH_863_000000000000000_ESC_2010 |7 0 |8 A |9 440889 |a BIBAGR |b BIBAGR |d 2019-11-22 |i 4742885 |l 1 |o Ch863 ESC 2010 |p 4742885 |r 2025-03-28 |s 2025-03-28 |w 2019-11-22 |y BK |k AGR | ||
| 952 | |0 0 |1 0 |4 0 |6 CH_863_000000000000000_ESC_2010 |7 0 |8 A |9 440890 |a BIBTEO |b BIBTEO |d 2019-11-22 |i 4742893 |o Ch863 ESC 2010 |p 4742893 |r 2025-01-17 |w 2019-11-22 |y BK |k ICR | ||
| 952 | |0 0 |1 0 |4 0 |6 CH_863_000000000000000_ESC_2010 |7 0 |8 A |9 440891 |a BIBTEO |b BIBTEO |d 2019-11-22 |i 4742907 |o Ch863 ESC 2010 |p 4742907 |r 2025-01-17 |w 2019-11-22 |y BK |k ICR | ||
| 952 | |0 0 |1 0 |4 0 |6 CH_863_000000000000000_ESC_2010 |7 0 |8 A |9 440892 |a BIBDER |b BIBDER |d 2019-11-22 |i 4742915 |o Ch863 ESC 2010 |p 4742915 |r 2023-01-25 |w 2019-11-22 |y BK |k DER | ||
| 952 | |0 0 |1 0 |4 0 |6 CH_863_000000000000000_ESC_2010 |7 0 |8 C |9 440893 |a BIBCUR |b BIBCUR |d 2019-11-22 |i 4742923 |o Ch863 ESC 2010 |p 4742923 |r 2025-04-22 |w 2019-11-22 |y BK |k BCB | ||
| 952 | |0 0 |1 0 |4 0 |6 CH_863_000000000000000_ESC_2010 |7 0 |8 A |9 440894 |a BIBHIS |b BIBHIS |d 2019-11-22 |i 4742931 |o Ch863 ESC 2010 |p 4742931 |r 2025-01-20 |w 2019-11-22 |y BK |k HIS | ||
| 952 | |0 0 |1 0 |4 0 |6 CH_863_000000000000000_ESC_2010 |7 0 |8 A |9 440895 |a BIBHIS |b BIBHIS |d 2019-11-22 |i 474294K |o Ch863 ESC 2010 |p 474294K |r 2025-01-20 |w 2019-11-22 |y BK |k HIS | ||
| 952 | |0 0 |1 0 |4 0 |6 CH_863_000000000000000_ESC_2010 |7 0 |8 A |9 440897 |a BIBMAT |b BIBMAT |d 2019-11-22 |i 4742966 |o Ch863 ESC 2010 |p 4742966 |r 2025-01-07 |w 2019-11-22 |y BK |k MAT | ||
| 952 | |0 0 |1 0 |4 0 |6 CH_863_000000000000000_ESC_2010 |7 0 |8 A |9 440898 |a BIBEDU |b BIBEDU |d 2019-11-22 |i 4742974 |o Ch863 ESC 2010 |p 4742974 |r 2023-01-12 |w 2019-11-22 |y BK |k MUS | ||
| 952 | |0 0 |1 0 |4 0 |6 CH_863_000000000000000_ESC_2010 |7 0 |8 A |9 440899 |a BIBEDU |b BIBEDU |d 2019-11-22 |i 4742982 |o Ch863 ESC 2010 |p 4742982 |r 2019-11-22 |w 2019-11-22 |y BK |k EDU | ||
| 952 | |0 0 |1 0 |4 0 |6 CH_863_000000000000000_ESC_2010 |7 0 |8 A |9 440900 |a BIBEDU |b BIBEDU |d 2019-11-22 |i 4742990 |o Ch863 ESC 2010 |p 4742990 |r 2019-11-22 |w 2019-11-22 |y BK |k EDU | ||
| 952 | |0 0 |1 0 |4 0 |6 CH_863_000000000000000_ESC_2010 |7 0 |8 C |9 440901 |a BIBCUR |b BIBCUR |d 2019-11-22 |i 4743008 |o Ch863 ESC 2010 |p 4743008 |r 2025-04-22 |w 2019-11-22 |y BK |k PER | ||
| 952 | |0 0 |1 0 |4 0 |6 CH_863_000000000000000_ESC_2010 |7 0 |8 A |9 440902 |a BIBEDU |b BIBEDU |d 2019-11-22 |i 4743016 |o Ch863 ESC 2010 |p 4743016 |r 2019-11-22 |w 2019-11-22 |y BK |k LIT | ||
| 952 | |0 0 |1 0 |4 0 |6 CH_863_000000000000000_ESC_2010 |7 0 |8 A |9 440903 |a BIBEDU |b BIBEDU |d 2019-11-22 |i 4743024 |o Ch863 ESC 2010 |p 4743024 |r 2019-11-22 |w 2019-11-22 |y BK |k LIT | ||
| 952 | |0 0 |1 0 |4 0 |6 CH_863_000000000000000_ESC_2010 |7 0 |8 A |9 440904 |a BIBING |b BIBING |d 2019-11-22 |i 4743032 |l 1 |o Ch863 ESC 2010 |p 4743032 |r 2025-01-20 |s 2023-11-20 |w 2019-11-22 |y BK |k ING | ||
| 952 | |0 0 |1 0 |4 0 |6 CH_863_000000000000000_ESC_2010 |7 0 |8 A |9 440905 |a BIBING |b BIBING |d 2019-11-22 |i 4743040 |l 1 |o Ch863 ESC 2010 |p 4743040 |r 2025-01-20 |s 2023-11-20 |w 2019-11-22 |y BK |k ING | ||
| 952 | |0 0 |1 0 |4 0 |6 CH_863_000000000000000_ESC_2010 |7 0 |8 X |9 440906 |a FDOBUD |b FDOBUD |d 2019-11-22 |i 474554K |o Ch863 ESC 2010 |p 474554K |r 2019-11-22 |w 2019-11-22 |y BK_X |k BUD | ||
| 952 | |0 0 |1 0 |4 0 |6 CH_863_000000000000000_ESC_2010 |7 0 |8 C |9 440907 |a BIBCUR |b BIBCUR |d 2019-11-22 |i 4742826 |o Ch863 ESC 2010 |p 4742826 |r 2025-04-22 |w 2019-11-22 |y BK |k CAC | ||
| 952 | |0 0 |1 0 |4 0 |6 CH_863_000000000000000_ESC_2010 |7 0 |8 C |9 440908 |a BIBCUR |b BIBCUR |d 2019-11-22 |i 4742834 |o Ch863 ESC 2010 |p 4742834 |r 2025-04-22 |w 2019-11-22 |y BK |k CAC | ||
| 952 | |0 0 |1 0 |4 0 |6 CH_863_000000000000000_ESC_2010 |7 0 |8 C |9 440909 |a BIBCUR |b BIBCUR |d 2019-11-22 |i 4742842 |o Ch863 ESC 2010 |p 4742842 |r 2025-04-22 |w 2019-11-22 |y BK |k CAC | ||
| 952 | |0 0 |1 0 |2 ddc |4 0 |6 CH_863_000000000000000_ESC_2010 |7 0 |8 A |9 596850 |a BIBGIM |b BIBGIM |d 2024-09-17 |i 5662773 |o Ch863 ESC 2010 |p 5662773 |r 2025-01-15 |t 32 |w 2024-09-17 |y BK |k ELE | ||
| 952 | |0 0 |1 0 |2 ddc |4 0 |6 CH_863_000000000000000_ESC_2010 |7 0 |8 A |9 596851 |a BIBGIM |b BIBGIM |d 2024-09-17 |i 5662772 |o Ch863 ESC 2010 |p 5662772 |r 2025-01-15 |t 31 |w 2024-09-17 |y BK |k ELE | ||